000
00305nam a22001097a 4500
008
170117b xxu||||| |||| 00| 0 eng d
050
_a
JX1977.A37 Y4(1968 VOL.22)
245
_a
Year Book Of The United Nations 1968 . /
260
_a
New York:
_b
U.N,
_c
1971.
300
_a
xi,1215pg.:
_b
24cm.
942
_2
lcc
_c
BK
999
_c
6188
_d
13688